ბათუმის შოთა რუსთაველის სახელმწიფო უნივერსიტეტის ბიბლიოთეკა

მირზა გელოვანი. კოლხეთისაკენ, ბიჭებო! (ბიბ.ჩანაწერი № 48545)

000 -LEADER
fixed length control field 00763nam a2200205Ia 4500
001 - CONTROL NUMBER
control field 15442
003 - CONTROL NUMBER IDENTIFIER
control field GE_BSU
008 - FIXED-LENGTH DATA ELEMENTS--GENERAL INFORMATION
fixed length control field 181216s||||||||xx |||||||||||||| ||und||
040 ## - CATALOGING SOURCE
Transcribing agency GE_BSU
080 ## - UNIVERSAL DECIMAL CLASSIFICATION NUMBER
Universal Decimal Classification number 821.353.1-11
100 ## - MAIN ENTRY--PERSONAL NAME
Personal name ჩარკვიანი,ჯანსუღ
245 ## - TITLE STATEMENT
Title მირზა გელოვანი. კოლხეთისაკენ, ბიჭებო!
245 ## - TITLE STATEMENT
Statement of responsibility, etc. რედ.მ.ჯაფარიძე. მხატვ. სპ.ცინცაძე
260 ## - PUBLICATION, DISTRIBUTION, ETC.
Place of publication, distribution, etc. თბილისი
260 ## - PUBLICATION, DISTRIBUTION, ETC.
Name of publisher, distributor, etc. მერანი
260 ## - PUBLICATION, DISTRIBUTION, ETC.
Date of publication, distribution, etc. 1974
300 ## - PHYSICAL DESCRIPTION
Extent 78გვ.1ფ.პორტრ.14სმ.
653 ## - INDEX TERM--UNCONTROLLED
Uncontrolled term მირზა გელოვანი. კოლხეთისაკენ, ბიჭებო!
942 ## - ADDED ENTRY ELEMENTS (KOHA)
Koha item type წიგნი
ეგზემპლარები
Withdrawn status Lost status Damaged status Not for loan Date acquired Barcode Date last seen Price effective from Koha item type
        2018-12-17 38390 2018-12-17 2018-12-17 წიგნი